Thống kê trong kinh doanh và quản lý Lý thuyết cơ bản. Toán Ứng dụng. Đáp án
Spremljeno u:
| Glavni autor: | |
|---|---|
| Format: | Knjiga |
| Izdano: |
Tp. Hồ Chí Minh
Giao thông vận tải
2010
|
| Teme: | |
| Oznake: |
Dodaj oznaku
Bez oznaka, Budi prvi tko označuje ovaj zapis!
|
| Thư viện lưu trữ: | Trung tâm Học liệu Lê Vũ Hùng, Trường Đại học Đồng Tháp |
|---|
| LEADER | 00933pam a22003378a 4500 | ||
|---|---|---|---|
| 001 | 00035373 | ||
| 005 | 20171026081023.0 | ||
| 008 | 161205s2010 ||||||Viesd | ||
| 020 | # | # | |c 108000 |
| 041 | 0 | # | |a Vie |
| 082 | 1 | 4 | |a 330.02 |b TH455K |
| 100 | 1 | # | |a Nguyễn, Văn Dung |
| 245 | 1 | 0 | |a Thống kê trong kinh doanh và quản lý |c Nguyễn Văn Dung |b Lý thuyết cơ bản. Toán Ứng dụng. Đáp án |
| 260 | # | # | |a Tp. Hồ Chí Minh |b Giao thông vận tải |c 2010 |
| 300 | # | # | |a 430 tr. |c 24 cm. |
| 653 | # | # | |a Kinh tế |
| 653 | # | # | |a Thống kê |
| 653 | # | # | |a Ứng dụng |
| 653 | # | # | |a Kinh doanh |
| 852 | # | # | |b Kho đọc |j KD.0017320 |
| 852 | # | # | |j KD.0017320 |
| 910 | 0 | # | |d 05/12/2016 |
| 980 | # | # | |a Trung tâm Học liệu Lê Vũ Hùng, Trường Đại học Đồng Tháp |